Olympiacos players (2010-2020) - Statistics

General Stats
  • This quiz has been taken 13 times
  • The average score is 81 of 165
Answer Stats
Rank Player Positions Nationality Matches Goals (assists) Period % Correct
15 Kevin Mirallas RW 64 36 (12) 2010-2012, 2017-2018
100%
1 Konstantinos Fortounis AM 134 54 (41) 2014-2020
100%
24 Felipe Pardo RW 48 6 (7) 2015-2019
91%
25 José Sá GK 47 0 (0) 2018-2020
91%
14 Konstantinos Mitroglou ST 66 42 (6) 2010-2011, 2012-2015
91%
68 Urko Pardo GK 22 0 (0) 2010-2011
91%
60 Youssef El Arabi ST 25 17 (6) 2019-2020
91%
8 Alejandro Domínguez AM 82 28 (26) 2013-2017
82%
7 Avraam Papadopoulos CB 86 3 (0) 2010-2015, 2018-2020
82%
28 Balázs Megyeri GK 45 0 (0) 2010-2015
82%
30 Brown Ideye ST 43 23 (8) 2015-2017
82%
34 Daniel Podence AM 42 8 (12) 2018-2020
82%
2 David Fuster AM 110 28 (18) 2010-2016
82%
50 Georgios Masouras LW 33 10 (1) 2018-2020
82%
47 Karim Ansarifard ST 34 18 (7) 2016-2018
82%
23 Konstantinos Manolas CB 49 4 (1) 2012-2014
82%
26 Mady Camara CM 46 8 (2) 2018-2020
82%
6 Roberto GK 88 0 (0) 2013-2016
82%
10 Vasilios Torosidis RB 70 4 (7) 2010-2013, 2018-2020
82%
56 Ahmed Hassan ST 27 13 (0) 2018-2020
73%
13 Alberto Botía CB 66 8 (1) 2014-2018
73%
16 Andreas Bouchalakis CM 63 4 (5) 2014-2017, 2018-2020
73%
21 Arthur Masuaku LB 50 1 (6) 2014-2016
73%
12 Dimitrios Siovas CB 68 2 (2) 2012-2016
73%
4 Giannis Maniatis DM 103 8 (12) 2010-2016
73%
119 Giannis Papadopoulos CM 8 0 (1) 2010-2011
73%
38 Konstantinos Tsimikas LB 39 0 (6) 2015-2017, 2018-2020
73%
32 Leonardo Koutris LB 43 1 (9) 2017-2020
73%
17 Luka Milivojevic DM 62 11 (5) 2014-2017
73%
41 Marko Marin AM 37 11 (7) 2016-2018
73%
42 Miguel Ángel Guerrero ST 37 8 (4) 2018-2020
73%
3 Omar Elabdellaoui RB 109 10 (12) 2014-2020
73%
97 Ousseynou Ba CB 14 0 (0) 2019-2020
73%
33 Pajtim Kasami CM 43 6 (6) 2014-2016
73%
74 Panagiotis Retsos CB 20 0 (0) 2016-2018
73%
37 Pape Abou Cissé CB 42 5 (0) 2017-2020
73%
20 Rafik Djebbour ST 56 39 (8) 2010-2013
73%
71 Rúben Semedo CB 21 1 (0) 2019-2020
73%
9 Ariel Ibagaza AM 72 1 (25) 2010-2014
64%
154 El Fardou Ben CF 2 0 (0) 2017-2018
64%
132 Emmanuel Emenike ST 5 0 (0) 2017-2018
64%
11 François Modesto CB 69 4 (4) 2010-2013
64%
35 Guilherme DM 42 6 (1) 2018-2020
64%
78 Ibrahim Afellay AM 19 4 (3) 2014-2015
64%
58 Javier Saviola CF 26 12 (3) 2013-2015
64%
36 Jimmy Durmaz CM 42 9 (9) 2014-2016
64%
31 Leandro Salino DM 43 0 (3) 2013-2016
64%
73 Ljubomir Fejsa DM 20 0 (1) 2011-2014
64%
40 Marko Pantelic ST 38 20 (2) 2010-2013
64%
81 Mathieu Valbuena AM 19 6 (11) 2019-2020
64%
95 Michael Olaitan ST 16 8 (4) 2013-2014
64%
27 Olof Mellberg CB 46 5 (5) 2010-2012
64%
66 Óscar Cardozo ST 22 3 (1) 2016-2017
64%
64 Yassine Meriah CB 23 1 (0) 2018-2020
64%
57 Albert Riera LM 26 6 (11) 2010-2011
55%
121 Alfred Finnbogason ST 7 1 (1) 2015-2016
55%
53 Andreas Samaris DM 28 4 (5) 2013-2014
55%
49 Athanasios Androutsos CM 33 1 (1) 2016-2019
55%
86 Björn Engels CB 17 3 (0) 2017-2018
55%
43 Delvin N'Dinga DM 36 1 (1) 2013-2015
55%
44 Diogo Figueiras RB 36 2 (6) 2016-2018
55%
22 Djamel Abdoun RW 50 9 (18) 2011-2013
55%
111 Éric Abidal LB 9 0 (0) 2014-2015
55%
54 Esteban Cambiasso DM 28 2 (1) 2015-2017
55%
133 Felipe Santana CB 5 0 (0) 2014-2015
55%
19 Giannis Fetfatzidis RW 59 6 (12) 2010-2014, 2018-2019
55%
123 Gil Dias RW 7 0 (1) 2018-2019
55%
46 Iván Marcano CB 35 5 (2) 2011-2012, 2013-2014
55%
51 Joel Campbell RW 32 8 (11) 2013-2014
55%
70 Jorge Benítez ST 21 6 (2) 2014-2015
55%
5 Jose Cholevas LB 94 9 (17) 2010-2014
55%
61 Leandro Greco CM 24 0 (1) 2012-2013
55%
39 Manuel da Costa CB 39 4 (0) 2015-2017
55%
99 Marko Scepovic ST 13 4 (2) 2013-2014
55%
100 Nicola Leali GK 13 0 (0) 2016-2017
55%
89 Pablo Contreras CB 17 1 (0) 2012-2013
55%
85 Roy Carroll GK 18 0 (0) 2011-2013
55%
18 Sebá LW 60 5 (13) 2015-2018
55%
67 Silvio Proto GK 22 0 (0) 2017-2018
55%
92 Vladimír Weiss LW 17 4 (5) 2013-2014
55%
115 Alan Pulido ST 8 5 (2) 2015-2016
45%
48 André Martins CM 33 1 (2) 2016-2018
45%
69 Bibras Natcho AM 21 1 (4) 2018-2019
45%
116 Bruno Gaspar RB 8 0 (0) 2019-2020
45%
101 Franco Jara ST 12 3 (0) 2014-2016
45%
80 Jean Makoun DM 19 2 (2) 2011-2012
45%
113 Lazar Randjelovic RW 9 0 (1) 2019-2020
45%
135 Marios Vrousai RB 5 1 (0) 2017-2019
45%
62 Pablo Orbaiz DM 24 1 (0) 2011-2012
45%
103 Panagiotis Vlachodimos LW 12 2 (1) 2012-2013
45%
29 Paulo Machado CM 45 5 (4) 2012-2014
45%
59 Stefanos Kapino GK 26 0 (0) 2015-2018
45%
63 Tarik Elyounoussi ST 23 4 (1) 2016-2017
45%
45 Alaixys Romao DM 35 3 (2) 2016-2018
36%
72 Alberto de la Bella LB 20 2 (5) 2016-2017
36%
83 Anastasios Avlonitis CB 18 2 (1) 2014-2015
36%
52 Anastasios Papazoglou CB 31 1 (4) 2011-2014
36%
122 Andreas Gianniotis GK 7 0 (0) 2018-2019
36%
161 Cafú CM 1 0 (0) 2019-2020
36%
141 Charalampos Lykogiannis LB 4 0 (0) 2012-2013
36%
110 Colin Kazım-Richards ST 9 1 (0) 2011-2012
36%
88 Dennis Rommedahl RW 17 1 (5) 2010-2011
36%
118 Diogo ST 8 1 (0) 2011-2013
36%
127 Ehsan Hajsafi LB 6 1 (1) 2017-2018
36%
76 El Arbi Hillel Soudani RW 19 7 (5) 2019-2020
36%
128 Franco Costanzo GK 6 0 (0) 2011-2012
36%
77 Gaëtan Bong LB 19 0 (1) 2013-2014
36%
106 Georgios Manthatis RB 11 1 (0) 2016-2017
36%
150 Gevorg Ghazaryan LW 3 0 (2) 2014-2015
36%
163 Gonçalo Paciência ST 1 0 (0) 2016-2017
36%
93 Guillaume Gillet DM 16 1 (1) 2017-2018
36%
112 Hernán Pérez RW 9 2 (3) 2013-2014
36%
155 Hrvoje Milic LB 2 0 (0) 2017-2018
36%
156 Igor Silva RB 2 0 (0) 2017-2018
36%
79 Jagos Vukovic CB 19 3 (1) 2017-2019
36%
98 Jaouad Zairi RM 13 0 (2) 2010-2011
36%
164 Manolis Saliakas RB 1 0 (0) 2013-2014
36%
130 Mehdi Carcela-González RW 6 0 (0) 2017-2018
36%
109 Nelson Valdez ST 10 6 (0) 2013-2014
36%
90 Panagiotis Tachtsidis DM 17 0 (2) 2017-2018
36%
146 Praxitelis Vouros CB 4 0 (0) 2013-2016
36%
84 Raúl Bravo CB 18 0 (1) 2010-2011
36%
120 Roderick Miranda CB 8 0 (1) 2018-2019
36%
138 Sambou Yatabaré CM 5 1 (0) 2013-2014
36%
91 Vadis Odjidja-Ofoe CM 17 2 (2) 2017-2018
36%
139 Yassine Benzia AM 5 0 (0) 2019-2020
36%
157 Yaya Touré CM 2 0 (0) 2018-2019
36%
158 Yuriy Lodygin GK 2 0 (0) 2018-2019
36%
147 Aly Cissokho CB 3 0 (0) 2016-2017
27%
125 Antonis Nikopolidis GK 6 0 (0) 2010-2011
27%
87 Bruno Viana CB 17 1 (0) 2016-2017
27%
126 Dimitrios Manos ST 6 1 (0) 2018-2019
27%
105 Dimitrios Nikolaou CB 11 0 (0) 2016-2018
27%
75 Dudu Cearense CM 19 0 (3) 2010-2011
27%
129 Franco Soldano ST 6 0 (0) 2018-2019
27%
149 Georgios Galitsios RB 3 0 (0) 2010-2011
27%
94 Hernâni LW 16 4 (6) 2015-2016
27%
144 Juan Carlos Paredes DM 4 0 (0) 2016-2017
27%
124 Konstantinos Giannoulis LB 7 0 (1) 2014-2015
27%
152 Krisztián Németh ST 3 0 (1) 2010-2011
27%
65 Lazaros Christodoulopoulos RW 22 4 (1) 2018-2020
27%
153 Lefteris Choutesiotis GK 3 0 (0) 2015-2016, 2017-2018
27%
165 Manolis Siopis DM 1 0 (0) 2017-2018
27%
55 Mathieu Dossevi RW 28 4 (3) 2014-2016
27%
145 Matías Nahuel LW 4 0 (0) 2018-2019
27%
102 Maximiliano Lovera LW 12 0 (0) 2019-2020
27%
108 Miguel Torres RB 10 0 (0) 2013-2014
27%
104 Sasa Zdjelar DM 12 0 (0) 2015-2016, 2017-2018
27%
82 Uros Djurdjevic ST 19 4 (1) 2017-2018
27%
114 Vicente Monje LM 9 0 (1) 2011-2012
27%
159 Andreas Tatos AM 1 0 (0) 2012-2013
18%
148 Bruno RB 3 0 (0) 2019-2020
18%
117 Dimitrios Diamantakos ST 8 2 (0) 2014-2015
18%
143 Javito RW 4 1 (1) 2011-2012
18%
151 Juan Pablo Pino RW 3 0 (3) 2012-2013
18%
96 Moisés Hurtado DM 16 0 (0) 2010-2011
18%
136 Nikolaos Vergos ST 5 1 (0) 2013-2014, 2017-2018
18%
137 Pelé CM 5 0 (0) 2013-2014
18%
160 Athanasios Kostanasios RW 1 0 (0) 2017-2018
9%
140 Carl Medjani CB 4 0 (0) 2013-2014
9%
131 Dimitrios Kolovos LW 5 0 (1) 2015-2016
9%
142 Drissa Diakité CB 4 0 (1) 2012-2013
9%
134 Fran Yeste AM 5 0 (0) 2011-2012
9%
107 Giannis Potouridis CB 11 0 (0) 2010-2012
9%
162 Giannis Zaradoukas LB 1 0 (0) 2012-2013
9%
No matching quizzes found
Score Distribution
Percent of People with Each Score
Percentile by Number Answered
Your Score History
You have not taken this quiz